000 00278nam a22000977a 4500
008 231218b |||||||| |||| 00| 0 eng d
020 _a9781633935570
100 _aCorrell Angela
_97738
245 _aGrounded (May Hollow Triology: Book One)
260 _aVirginia
_bKoehler Books
_c2013
999 _c12518
_d12518